00717nam a22002177a 450000500170000001000130001702000100003003500130004003700160005304000120006908200170008110000180009824500930011626000610020927001050027030000200037550000280039565000290042365000200045265000270047220170124105948.0 aA-169504 c00.00 aA-169504 bCen Lib/Ret aDPLbEN a338.954bMAH aMahajan, V. S aEconomic development of India :cby V. S. Mahajanba review of recent economic studies / aNew DelhibDeep and Deep Publications c1983 aD-1/24, Rajouri Garden bNew Delhi a219p.c21cm(Hb) aIncludes index  aEconomic history - India aEconomic policy aSocial history - India